| 000 | 00523 a2200145 4500 | ||
|---|---|---|---|
| 020 | _a0080435939 (hardcover) | ||
| 082 | _a658.5 BRE | ||
| 100 | _aBrewer,A.M. | ||
| 245 |
_aHandbook of logistics and supply-chain management [vol-2] / _cedited by Ann M. Brewer, Kenneth J. Button, David A. Hensher. |
||
| 250 | _a1st ed. | ||
| 260 |
_aAmsterdam ; _aNew York : _bPergamon, _c2001. |
||
| 300 |
_axxi, 545 p. : _bill. ; _c25 cm. |
||
| 650 |
_aFreight and freightage _xManagement. |
||
| 650 | _aPhysical distribution of goods. | ||
| 650 | _aBusiness logistics. | ||
| 999 |
_c938 _d938 |
||